{"text_format":"3","workbook":"xlsx","n_sheets":1,"sheets":["t92"],"read":"whole","date_system":"1900"}

{"sheet":"t92","index":0,"n_rows":187,"n_cols":7,"rows_kept":187,"merged":[[0,0,0,6],[30,0,30,5],[45,0,45,5],[151,0,151,5]]}
["TABELA 92.1 - Estatísticas Agrícolas, Município de Buri, Estado de São Paulo, 2007/08."]
["ITEM","UNIDADE","N.DE UPAs","MÍNIMO","MÉDIO","MÁXIMO","TOTAL"]
["Distância à sede do município","km",677,0.5,{"v":14.12,"d":"14.1"},{"v":50,"d":"50.0"},"-"]
["Área total","hectare",677,1.2,{"v":164.11,"d":"164.1"},{"v":4344.3,"d":"4,344.3"},{"v":111103,"d":"111,103.0"}]
["Área com cultura perene","hectare",27,0.1,{"v":114.99,"d":"115.0"},919.6,{"v":3104.6,"d":"3,104.6"}]
["Área com cultura temporária","hectare",198,{"v":1,"d":"1.0"},94.3,{"v":968,"d":"968.0"},{"v":18670.9,"d":"18,670.9"}]
["Área com pastagem","hectare",547,0.5,{"v":70.78,"d":"70.8"},{"v":2127.1,"d":"2,127.1"},{"v":38716.6,"d":"38,716.6"}]
["Área com reflorestamento","hectare",172,0.1,{"v":155.37,"d":"155.4"},{"v":3449.3,"d":"3,449.3"},{"v":26722.8,"d":"26,722.8"}]
["Área com vegetação natural","hectare",637,0.1,{"v":30.17,"d":"30.2"},{"v":1145.5,"d":"1,145.5"},{"v":19218.3,"d":"19,218.3"}]
["Área com vegetação de brejo e várzea","hectare",237,0.1,5.8,{"v":121,"d":"121.0"},{"v":1375.2,"d":"1,375.2"}]
["Área em descanso","hectare",20,0.5,{"v":31.58,"d":"31.6"},{"v":355,"d":"355.0"},631.6]
["Área complementar","hectare",626,0.1,{"v":4.25,"d":"4.3"},210.9,{"v":2663,"d":"2,663.0"}]
["Área das UPAs com (0, 1] ha","hectare","-","-","-","-","-"]
["Área das UPAs com (1, 2] ha","hectare",6,1.2,{"v":1.62,"d":"1.6"},{"v":2,"d":"2.0"},9.7]
["Área das UPAs com (2, 5] ha","hectare",34,2.4,{"v":3.89,"d":"3.9"},4.9,132.2]
["Área das UPAs com (5, 10] ha","hectare",67,5.2,{"v":7.54,"d":"7.5"},{"v":10,"d":"10.0"},505.2]
["Área das UPAs com (10, 20] ha","hectare",70,10.8,{"v":15.79,"d":"15.8"},{"v":20,"d":"20.0"},{"v":1105.1,"d":"1,105.1"}]
["Área das UPAs com (20, 50] ha","hectare",212,20.2,{"v":33.22,"d":"33.2"},49.6,{"v":7043.1,"d":"7,043.1"}]
["Área das UPAs com (50, 100] ha","hectare",99,50.8,{"v":73.67,"d":"73.7"},{"v":100,"d":"100.0"},{"v":7293.3,"d":"7,293.3"}]
["Área das UPAs com (100, 200] ha","hectare",76,100.4,{"v":147.61,"d":"147.6"},197.1,{"v":11218.1,"d":"11,218.1"}]
["Área das UPAs com (200, 500] ha","hectare",63,204.4,{"v":304.91,"d":"304.9"},{"v":500,"d":"500.0"},{"v":19209.4,"d":"19,209.4"}]
["Área das UPAs com (500, 1.000] ha","hectare",20,502.5,{"v":691.47,"d":"691.5"},975.6,{"v":13829.3,"d":"13,829.3"}]
["Área das UPAs com (1.000, 2.000] ha","hectare",24,{"v":1007.3,"d":"1,007.3"},{"v":1402.41,"d":"1,402.4"},{"v":1936,"d":"1,936.0"},{"v":33657.9,"d":"33,657.9"}]
["Área das UPAs com (2.000, 5.000] ha","hectare",6,{"v":2000.8,"d":"2,000.8"},{"v":2849.95,"d":"2,850.0"},{"v":4344.3,"d":"4,344.3"},{"v":17099.7,"d":"17,099.7"}]
["Área das UPAs com (5.000, 10.000] ha","hectare","-","-","-","-","-"]
["Área das UPAs acima de 10.000 ha","hectare","-","-","-","-","-"]
["Familiares do proprietário que trabalham na UPA","unidade",509,{"v":1,"d":"1.0"},{"v":1.68,"d":"1.7"},{"v":14,"d":"14.0"},{"v":856,"d":"856.0"}]
["Trabalhadores permanentes","unidade",197,{"v":1,"d":"1.0"},{"v":3.15,"d":"3.2"},{"v":25,"d":"25.0"},{"v":621,"d":"621.0"}]
["Fonte: Secretaria de Agricultura e Abastecimento, CDRS/IEA, Projeto LUPA."]
[]
["TABELA 92.2 - Explorações Animais, Município de Buri, Estado de São Paulo, 2007/08."]
["ITEM","UNIDADE","N.DE UPAs","MÍNIMO","MÉDIO","MÁXIMO","TOTAL"]
["Asininos E Muares","cabeças",10,{"v":1,"d":"1.0"},1.7,{"v":2,"d":"2.0"},{"v":17,"d":"17.0"}]
["Avicultura de Corte","cabeças/ano",2,{"v":100,"d":"100.0"},{"v":100050,"d":"100,050.0"},{"v":200000,"d":"200,000.0"},{"v":200100,"d":"200,100.0"}]
["Bovinocultura de Corte","cabeças",166,{"v":1,"d":"1.0"},{"v":167.98,"d":"168.0"},{"v":1879,"d":"1,879.0"},{"v":27884,"d":"27,884.0"}]
["Bovinocultura Leiteira","cabeças",26,{"v":2,"d":"2.0"},{"v":32.12,"d":"32.1"},{"v":270,"d":"270.0"},{"v":835,"d":"835.0"}]
["Bovinocultura Mista","cabeças",201,{"v":1,"d":"1.0"},{"v":34.95,"d":"35.0"},{"v":218,"d":"218.0"},{"v":7025,"d":"7,025.0"}]
["Bubalinocultura","cabeças",2,{"v":13,"d":"13.0"},{"v":52,"d":"52.0"},{"v":91,"d":"91.0"},{"v":104,"d":"104.0"}]
["Equinocultura","cabeças",285,{"v":1,"d":"1.0"},{"v":3.16,"d":"3.2"},{"v":120,"d":"120.0"},{"v":902,"d":"902.0"}]
["Outra Exploração Animal","cabeças",1,{"v":7,"d":"7.0"},{"v":7,"d":"7.0"},{"v":7,"d":"7.0"},{"v":7,"d":"7.0"}]
["Ovinocultura","cabeças",4,{"v":5,"d":"5.0"},81.5,{"v":111,"d":"111.0"},{"v":326,"d":"326.0"}]
["Piscicultura","m² tanques",1,{"v":1,"d":"1.0"},{"v":1,"d":"1.0"},{"v":1,"d":"1.0"},{"v":1,"d":"1.0"}]
["Suinocultura","cabeças",4,{"v":7,"d":"7.0"},{"v":447.25,"d":"447.3"},{"v":1700,"d":"1,700.0"},{"v":1789,"d":"1,789.0"}]
["Fonte: Secretaria de Agricultura e Abastecimento, CDRS/IEA, Projeto LUPA."]
[]
["TABELA 92.3 -  Máquinas, Implementos e Benfeitorias, Município de Buri, Estado de São Paulo, 2007/08."]
["ITEM","UNIDADE","N.DE UPAs","MÍNIMO","MÉDIO","MÁXIMO","TOTAL"]
["Arado Comum (Bacia, Aiveca)","Unidade",50,{"v":1,"d":"1.0"},1.3,{"v":4,"d":"4.0"},{"v":65,"d":"65.0"}]
["Arado Escarificador","Unidade",52,{"v":1,"d":"1.0"},{"v":1.38,"d":"1.4"},{"v":5,"d":"5.0"},{"v":72,"d":"72.0"}]
["Arado Subsolador","Unidade",36,{"v":1,"d":"1.0"},{"v":1.11,"d":"1.1"},{"v":2,"d":"2.0"},{"v":40,"d":"40.0"}]
["Batedeira de Cereais","Unidade",52,{"v":1,"d":"1.0"},{"v":1.04,"d":"1.0"},{"v":2,"d":"2.0"},{"v":54,"d":"54.0"}]
["Carregadeira de Cana","Unidade",2,{"v":1,"d":"1.0"},{"v":1,"d":"1.0"},{"v":1,"d":"1.0"},{"v":2,"d":"2.0"}]
["Colhedeira Acoplada","Unidade",19,{"v":1,"d":"1.0"},{"v":1,"d":"1.0"},{"v":1,"d":"1.0"},{"v":19,"d":"19.0"}]
["Colhedeira Automotriz","Unidade",11,{"v":1,"d":"1.0"},{"v":1.55,"d":"1.6"},{"v":4,"d":"4.0"},{"v":17,"d":"17.0"}]
["Computador","Unidade",4,{"v":1,"d":"1.0"},{"v":1.25,"d":"1.3"},{"v":2,"d":"2.0"},{"v":5,"d":"5.0"}]
["Conj.Irrigação Autopropelido","Unidade",1,{"v":1,"d":"1.0"},{"v":1,"d":"1.0"},{"v":1,"d":"1.0"},{"v":1,"d":"1.0"}]
["Conj.Irrigação Convencional","Unidade",8,{"v":1,"d":"1.0"},{"v":1,"d":"1.0"},{"v":1,"d":"1.0"},{"v":8,"d":"8.0"}]
["Conj.Irrigação Pivot Central","Unidade",6,{"v":1,"d":"1.0"},{"v":2.33,"d":"2.3"},{"v":5,"d":"5.0"},{"v":14,"d":"14.0"}]
["Conjunto de Fenação","Unidade",9,{"v":1,"d":"1.0"},{"v":1.78,"d":"1.8"},{"v":6,"d":"6.0"},{"v":16,"d":"16.0"}]
["Desintegrador de Palha (Plantio Direto)","Unidade",7,{"v":1,"d":"1.0"},{"v":1,"d":"1.0"},{"v":1,"d":"1.0"},{"v":7,"d":"7.0"}]
["Desintegrador, Picador, Triturador","Unidade",153,{"v":1,"d":"1.0"},{"v":1.07,"d":"1.1"},{"v":3,"d":"3.0"},{"v":163,"d":"163.0"}]
["Distribuidor de Calcário","Unidade",27,{"v":1,"d":"1.0"},{"v":1.19,"d":"1.2"},{"v":2,"d":"2.0"},{"v":32,"d":"32.0"}]
["Ensiladeira","Unidade",30,{"v":1,"d":"1.0"},1.2,{"v":3,"d":"3.0"},{"v":36,"d":"36.0"}]
["Grade Aradora (Tipo Romi)","Unidade",33,{"v":1,"d":"1.0"},{"v":1.15,"d":"1.2"},{"v":2,"d":"2.0"},{"v":38,"d":"38.0"}]
["Grade Niveladora","Unidade",48,{"v":1,"d":"1.0"},{"v":1.33,"d":"1.3"},{"v":5,"d":"5.0"},{"v":64,"d":"64.0"}]
["Implementos para Tração Animal","Unidade",24,{"v":1,"d":"1.0"},2.5,{"v":5,"d":"5.0"},{"v":60,"d":"60.0"}]
["Microtrator","Unidade",4,{"v":1,"d":"1.0"},{"v":1,"d":"1.0"},{"v":1,"d":"1.0"},{"v":4,"d":"4.0"}]
["Misturador de Ração","Unidade",12,{"v":1,"d":"1.0"},{"v":1.17,"d":"1.2"},{"v":2,"d":"2.0"},{"v":14,"d":"14.0"}]
["Ordenhadeira Mecânica","Unidade",6,{"v":1,"d":"1.0"},{"v":1,"d":"1.0"},{"v":1,"d":"1.0"},{"v":6,"d":"6.0"}]
["Pulverizador Tratorizado","Unidade",67,{"v":1,"d":"1.0"},{"v":1.45,"d":"1.5"},{"v":4,"d":"4.0"},{"v":97,"d":"97.0"}]
["Resfriador de Leite, Tanque Expansão","Unidade",8,{"v":1,"d":"1.0"},{"v":1,"d":"1.0"},{"v":1,"d":"1.0"},{"v":8,"d":"8.0"}]
["Semeadeira/Adubadeira para Plantio Convencional","Unidade",27,{"v":1,"d":"1.0"},{"v":1.04,"d":"1.0"},{"v":2,"d":"2.0"},{"v":28,"d":"28.0"}]
["Semeadeira/Plantadeira Plantio Direto","Unidade",49,{"v":1,"d":"1.0"},{"v":1.41,"d":"1.4"},{"v":6,"d":"6.0"},{"v":69,"d":"69.0"}]
["Terraceador","Unidade",10,{"v":1,"d":"1.0"},1.4,{"v":4,"d":"4.0"},{"v":14,"d":"14.0"}]
["Trator de Esteiras","Unidade",3,{"v":1,"d":"1.0"},{"v":1.33,"d":"1.3"},{"v":2,"d":"2.0"},{"v":4,"d":"4.0"}]
["Trator de Pneus","Unidade",160,{"v":1,"d":"1.0"},{"v":1.86,"d":"1.9"},{"v":15,"d":"15.0"},{"v":297,"d":"297.0"}]
["Açude/Represa","Unidade",273,{"v":1,"d":"1.0"},{"v":2.06,"d":"2.1"},{"v":15,"d":"15.0"},{"v":562,"d":"562.0"}]
["Adega Cantina","Unidade",1,{"v":1,"d":"1.0"},{"v":1,"d":"1.0"},{"v":1,"d":"1.0"},{"v":1,"d":"1.0"}]
["Almoxarifado/Oficina","Unidade",49,{"v":1,"d":"1.0"},{"v":1.12,"d":"1.1"},{"v":4,"d":"4.0"},{"v":55,"d":"55.0"}]
["Armazém para Grãos Ensacados","Sacas",45,{"v":1,"d":"1.0"},{"v":1.18,"d":"1.2"},{"v":2,"d":"2.0"},{"v":53,"d":"53.0"}]
["Balança para Bovinos","Unidade",40,{"v":1,"d":"1.0"},{"v":1.05,"d":"1.1"},{"v":2,"d":"2.0"},{"v":42,"d":"42.0"}]
["Balança para Veículos","Unidade",8,{"v":1,"d":"1.0"},{"v":1,"d":"1.0"},{"v":1,"d":"1.0"},{"v":8,"d":"8.0"}]
["Barracão para Granja/Avicultura","Unidade",7,{"v":1,"d":"1.0"},{"v":1.29,"d":"1.3"},{"v":2,"d":"2.0"},{"v":9,"d":"9.0"}]
["Barracão/Galpão/Garagem","Unidade",387,{"v":1,"d":"1.0"},{"v":1.45,"d":"1.5"},{"v":6,"d":"6.0"},{"v":560,"d":"560.0"}]
["Casa de Moradia Habitada","Unidade",436,{"v":1,"d":"1.0"},1.8,{"v":20,"d":"20.0"},{"v":785,"d":"785.0"}]
["Casa de Moradia Total","Unidade",459,{"v":1,"d":"1.0"},{"v":2.12,"d":"2.1"},{"v":30,"d":"30.0"},{"v":973,"d":"973.0"}]
["Curral/Mangueira","Unidade",439,{"v":1,"d":"1.0"},{"v":1.07,"d":"1.1"},{"v":4,"d":"4.0"},{"v":469,"d":"469.0"}]
["Depósito/Tulha","Unidade",47,{"v":1,"d":"1.0"},{"v":1.11,"d":"1.1"},{"v":3,"d":"3.0"},{"v":52,"d":"52.0"}]
["Estábulo","Unidade",44,{"v":1,"d":"1.0"},{"v":1.11,"d":"1.1"},{"v":3,"d":"3.0"},{"v":49,"d":"49.0"}]
["Estufa/Plasticultura","m²",43,{"v":1,"d":"1.0"},{"v":3.14,"d":"3.1"},{"v":10,"d":"10.0"},{"v":135,"d":"135.0"}]
["Fábrica de Ração","Unidade",7,{"v":1,"d":"1.0"},{"v":1,"d":"1.0"},{"v":1,"d":"1.0"},{"v":7,"d":"7.0"}]
["Instalações para Equinos","Unidade",15,{"v":1,"d":"1.0"},2.4,{"v":8,"d":"8.0"},{"v":36,"d":"36.0"}]
["Máquina de Benefício","Unidade",4,{"v":1,"d":"1.0"},{"v":1.25,"d":"1.3"},{"v":2,"d":"2.0"},{"v":5,"d":"5.0"}]
["Packing House","Unidade",1,{"v":1,"d":"1.0"},{"v":1,"d":"1.0"},{"v":1,"d":"1.0"},{"v":1,"d":"1.0"}]
["Pocilga","Unidade",69,{"v":1,"d":"1.0"},1.2,{"v":14,"d":"14.0"},{"v":83,"d":"83.0"}]
["Poço Semi-Artesiano","Unidade",41,{"v":1,"d":"1.0"},{"v":1.05,"d":"1.1"},{"v":3,"d":"3.0"},{"v":43,"d":"43.0"}]
["Secador de Grãos","Unidade",9,{"v":1,"d":"1.0"},{"v":1,"d":"1.0"},{"v":1,"d":"1.0"},{"v":9,"d":"9.0"}]
["Silo para Grãos","t",8,{"v":1,"d":"1.0"},{"v":30.25,"d":"30.3"},{"v":200,"d":"200.0"},{"v":242,"d":"242.0"}]
["Silo para Silagem","t",17,{"v":1,"d":"1.0"},{"v":2.71,"d":"2.7"},{"v":8,"d":"8.0"},{"v":46,"d":"46.0"}]
["Terreiro","m²",7,{"v":1,"d":"1.0"},{"v":6.57,"d":"6.6"},{"v":40,"d":"40.0"},{"v":46,"d":"46.0"}]
["Fonte: Secretaria de Agricultura e Abastecimento, CDRS/IEA, Projeto LUPA."]
[]
["TABELA 92.4 - Outras Estatísticas Agrícolas, Município de Buri, Estado de São Paulo, 2007/08."]
["ITEM","Número de UPAs",null,"Percentual"]
["Faz Parte de Associação de Produtores",11,null,{"v":1.6248153618906942,"d":"1.6"}]
["Faz Parte de Cooperativa de Produtores",20,null,{"v":2.9542097488921715,"d":"3.0"}]
["Faz Parte do Sindicato de Produtores",51,null,{"v":7.533234859675037,"d":"7.5"}]
["Não utiliza assistência técnica ",615,null,{"v":90.84194977843427,"d":"90.8"}]
["Utiliza somente assistência técnica governamental ",27,null,{"v":3.9881831610044314,"d":"4.0"}]
["Utiliza somente assistência técnica privada ",32,null,{"v":4.726735598227474,"d":"4.7"}]
["Utiliza assistência técnica tanto governamental quanto privada",3,null,{"v":0.4431314623338257,"d":"0.4"}]
["Utiliza Crédito Rural",14,null,{"v":2.0679468242245203,"d":"2.1"}]
["Utiliza Seguro Rural",1,null,{"v":0.14771048744460857,"d":"0.1"}]
["Utiliza Escrituração Agrícola",275,null,{"v":40.62038404726735,"d":"40.6"}]
["Acessa Internet p/ Fins na Agropecuária",25,null,{"v":3.6927621861152145,"d":"3.7"}]
["Utiliza Computador nas Atividades Agropecuárias",29,null,{"v":4.283604135893649,"d":"4.3"}]
["Utiliza Energia Elétrica Para Uso na Atividade Agrícola",570,null,{"v":84.19497784342687,"d":"84.2"}]
["Realiza Análise de Solo, quando necessário",270,null,{"v":39.88183161004431,"d":"39.9"}]
["Utiliza Práticas de Conservação de Solo, quando necessário",309,null,{"v":45.64254062038405,"d":"45.6"}]
["Faz Adubação Mineral, quando necessário",251,null,{"v":37.07533234859675,"d":"37.1"}]
["Faz Adubação Orgânica, quando necessário",84,null,{"v":12.407680945347119,"d":"12.4"}]
["Faz Adubação Verde, quando necessário",10,null,{"v":1.4771048744460855,"d":"1.5"}]
["Utiliza Manejo Integrado de Pragas (MIP)",3,null,{"v":0.4431314623338257,"d":"0.4"}]
["Utiliza Hidroponia","-",null,"-"]
["Utiliza Plasticultura",48,null,{"v":7.0901033973412115,"d":"7.1"}]
["Utiliza Mudas Fiscalizadas",71,null,{"v":10.487444608567209,"d":"10.5"}]
["Utiliza Semente Melhorada",254,null,{"v":37.51846381093058,"d":"37.5"}]
["Faz Confinamento de Bovinos",2,null,{"v":0.29542097488921715,"d":"0.3"}]
["Utiliza Pastejo Intensivo",56,null,{"v":8.27178729689808,"d":"8.3"}]
["Faz Inseminação Artificial",13,null,{"v":1.9202363367799113,"d":"1.9"}]
["Faz Mineralização do Rebanho",367,null,{"v":54.20974889217134,"d":"54.2"}]
["Faz Vermifugação do Rebanho",367,null,{"v":54.20974889217134,"d":"54.2"}]
["Possui Parceiros /Arrendatários na Exploração Animal",39,null,{"v":5.760709010339734,"d":"5.8"}]
["Esporte e lazer",1,null,{"v":0.14771048744460857,"d":"0.1"}]
["Extração mineral","-",null,"-"]
["Hotel Fazenda, Pousada ou SPA",1,null,{"v":0.14771048744460857,"d":"0.1"}]
["Pesque-pague",1,null,{"v":0.14771048744460857,"d":"0.1"}]
["Restaurante ou Lanchonete",1,null,{"v":0.14771048744460857,"d":"0.1"}]
["Transformação artesanal","-",null,"-"]
["Turismo rural ou ecoturismo",1,null,{"v":0.14771048744460857,"d":"0.1"}]
["Outras atividades econômicas rurais",11,null,{"v":1.6248153618906942,"d":"1.6"}]
["Agroindústria","-",null,"-"]
["Proprietário sem instrução ou com instrução incompleta",94,null,{"v":13.884785819793205,"d":"13.9"}]
["Proprietário com antigo primário completo",306,null,{"v":45.19940915805022,"d":"45.2"}]
["Proprietário com 1° grau (ou antigo ginasial) completo",74,null,{"v":10.930576070901033,"d":"10.9"}]
["Proprietário com 2° grau (ou antigo colegial) completo",66,null,{"v":9.748892171344165,"d":"9.7"}]
["Proprietário com curso superior completo ",95,null,{"v":14.032496307237814,"d":"14.0"}]
["Pessoa Jurídica",42,null,{"v":6.20384047267356,"d":"6.2"}]
["Proprietário residente na própria UPA ",216,null,{"v":31.90546528803545,"d":"31.9"}]
["Fonte: Secretaria de Agricultura e Abastecimento, CDRS/IEA, Projeto LUPA."]
[]
["TABELA 92.5 - Área Cultivada, Município de Buri, Estado de São Paulo, 2007/08."]
["CULTURA","N.DE UPAs","MÍNIMO","MÉDIO","MÁXIMO","TOTAL"]
["Braquiaria",546,0.5,{"v":67.83,"d":"67.8"},{"v":2127.1,"d":"2,127.1"},{"v":37035.1,"d":"37,035.1"}]
["Eucalipto",129,0.1,{"v":108.34,"d":"108.3"},{"v":2122.4,"d":"2,122.4"},{"v":13976.2,"d":"13,976.2"}]
["Milho",181,{"v":1,"d":"1.0"},{"v":69.03,"d":"69.0"},{"v":513,"d":"513.0"},{"v":12494.6,"d":"12,494.6"}]
["Pinus",59,1.5,{"v":198.64,"d":"198.6"},{"v":2410.3,"d":"2,410.3"},{"v":11719.7,"d":"11,719.7"}]
["Trigo",49,3.6,168.3,{"v":520,"d":"520.0"},{"v":8246.7,"d":"8,246.7"}]
["Soja",37,{"v":20,"d":"20.0"},{"v":145.07,"d":"145.1"},{"v":484,"d":"484.0"},{"v":5367.5,"d":"5,367.5"}]
["Laranja",19,0.1,{"v":158.15,"d":"158.2"},919.6,{"v":3004.8,"d":"3,004.8"}]
["Coloniao",2,1.5,{"v":835.75,"d":"835.8"},{"v":1670,"d":"1,670.0"},{"v":1671.5,"d":"1,671.5"}]
["Araucaria (ou pinheiro-do-parana)",3,1.4,335.3,{"v":1002,"d":"1,002.0"},{"v":1005.9,"d":"1,005.9"}]
["Feijao",13,{"v":10,"d":"10.0"},{"v":71.23,"d":"71.2"},169.4,{"v":926,"d":"926.0"}]
["Triticale",3,{"v":225,"d":"225.0"},{"v":276.67,"d":"276.7"},{"v":363,"d":"363.0"},{"v":830,"d":"830.0"}]
["Cevada",1,{"v":448,"d":"448.0"},{"v":448,"d":"448.0"},{"v":448,"d":"448.0"},{"v":448,"d":"448.0"}]
["Cana-de-acucar",4,2.4,{"v":50.35,"d":"50.4"},193.6,201.4]
["Batata-inglesa (ou batata, ou batatinha)",2,68.6,{"v":73,"d":"73.0"},77.4,{"v":146,"d":"146.0"}]
["Macadamia (ou noz-macadamia)",1,72.6,72.6,72.6,72.6]
["Aveia",1,{"v":30,"d":"30.0"},{"v":30,"d":"30.0"},{"v":30,"d":"30.0"},{"v":30,"d":"30.0"}]
["Tomate envarado",1,{"v":29,"d":"29.0"},{"v":29,"d":"29.0"},{"v":29,"d":"29.0"},{"v":29,"d":"29.0"}]
["Outras florestais",1,{"v":21,"d":"21.0"},{"v":21,"d":"21.0"},{"v":21,"d":"21.0"},{"v":21,"d":"21.0"}]
["Sorgo",1,12.1,12.1,12.1,12.1]
["Capim-jaragua",1,{"v":10,"d":"10.0"},{"v":10,"d":"10.0"},{"v":10,"d":"10.0"},{"v":10,"d":"10.0"}]
["Caqui",2,1.2,4.6,{"v":8,"d":"8.0"},9.2]
["Ameixa",1,7.7,7.7,7.7,7.7]
["Abacate",1,{"v":7,"d":"7.0"},{"v":7,"d":"7.0"},{"v":7,"d":"7.0"},{"v":7,"d":"7.0"}]
["Abobora (ou jerimum)",2,{"v":1,"d":"1.0"},{"v":2,"d":"2.0"},{"v":3,"d":"3.0"},{"v":4,"d":"4.0"}]
["Arroz",1,3.6,3.6,3.6,3.6]
["Gengibre",1,2.4,2.4,2.4,2.4]
["Uva fina",1,1.2,1.2,1.2,1.2]
["Pomar domestico",2,0.1,{"v":0.35,"d":"0.4"},0.6,0.7]
["Uva para Indústria",1,0.5,0.5,0.5,0.5]
["Uva rustica",1,0.5,0.5,0.5,0.5]
["Pimentao",1,0.4,0.4,0.4,0.4]
["Viveiro de frutiferas em geral",1,0.3,0.3,0.3,0.3]
["Banana",1,0.1,0.1,0.1,0.1]
["Fonte: Secretaria de Agricultura e Abastecimento, CDRS/IEA, Projeto LUPA."]